Characters From "Annie" Quiz - Statistics

General Stats
  • This quiz has been taken 798 times
    797 since last reset
  • The average score is 8 of 15
Answer Stats
Hint Answer % Correct
Gets to spend Christmas with the richest man in New York Annie
98%
Richest man in New York Oliver Warbucks
81%
The dog Sandy
81%
Leader of the Orphanage Miss Hannigan
72%
Brother of the above Rooster Hannigan
67%
Secretary of above Grace Farrell
64%
Smallest of the orphans Molly
62%
The bully orphan Pepper
58%
Girlfriend of the above Lily St. Regis
50%
Laundry Man Mr. Bundles
39%
The oldest and biggest orphan Duffy
32%
Butler of # 2 Drake
29%
The whiney orphan Tessie
26%
The mansion's cook Mrs. Pugh
21%
Police Officer who finds Annie and Sandy Lieutenant Ward
8%
No matching quizzes found
Score Distribution
Percent of People with Each Score
Percentile by Number Answered
Your Score History
You have not taken this quiz since the last reset